000 00532nam a2200217Ia 4500
001 12948
003 GE_BSU
008 181216s||||||||xx |||||||||||||| ||und||
020 _a0747251975
040 _cGE_BSU
080 _a821.111-311.6
100 _aBowling,Harry.
245 _aOne More For Saddler Street.
245 4 _bThe King of Cockney Sagas.
260 _aLondon.
260 _bHeadline.
260 _c1996
300 _a470p;18cm.
653 _aOne More For Saddler Street.The King of Cockney Sagas.
942 _cBK
999 _c46117
_d46117